000 00345nam a2200145Ia 4500
100 _aMicrosoft Enterprises Series
942 _cBK
654 _aComputer
245 _aConnecting to your Database Version 4.0
260 _bPower soft Corporations
_aUSA
_c1994
082 _a5.74
_bPOW
300 _a446
546 _aENGLISH
999 _c28784
_d28784